[Event "URS-ch52 First League"]
[Site "Tashkent"]
[Date "1984.11.??"]
[Round "?"]
[White "Agzamov, Georgy"]
[Black "Giorgadze, Tamaz"]
[Result "1/2-1/2"]
[WhiteElo "2570"]
[BlackElo "2495"]
[PlyCount "83"]
[EventDate "1984.11.15"]
[EventType "tourn"]
[EventRounds "15"]
[EventCountry "URS"]
[EventCategory "9"]
[SourceTitle "MCD"]
[Source "ChessBase"]
[SourceDate "1999.07.01"]
[SourceVersion "1"]
[SourceVersionDate "1999.07.01"]
[SourceQuality "1"]

1. d4 d5 2. c4 e6 3. Nc3 Be7 4. Nf3 Nf6 5. Bg5 Nbd7 6. e3 h6 7. Bh4 0-0 8. Rc1 c6 9. Bd3 dxc4 10. Bxc4 b5 11. Bd3 a6 12. a4 bxa4 13. Nxa4 Qa5+ 14. Nd2 Bb4 15. Nc3 c5 16. Nb3 Qd8 17. 0-0 cxd4 18. Nxd4 Bb7 19. Be4 Qb8 20. Nc6 Bxc6 21. Bxc6 Ra7 22. Bg3 Ne5 23. Qe2 Bd6 24. Rfd1 Bc7 25. Ne4 Neg4 26. Nxf6+ Nxf6 27. Rc2 Bxg3 28. hxg3 a5 29. Qd2 Qb6 30. Qd4 Qxd4 31. Rxd4 Rc7 32. Be4 Rxc2 33. Bxc2 g6 34. Rc4 Rb8 35. b3 Rb5 36. Kf1 Nd7 37. Ke2 Nc5 38. Rc3 Kg7 39. g4 Kf6 40. f4 g5 41. g3 Ke7 42. Bd3 1/2-1/2

[Event "URS-ch52 First League"]
[Site "Tashkent"]
[Date "1984.11.??"]
[Round "?"]
[White "Agzamov, Georgy"]
[Black "Gulko, Boris F"]
[Result "1/2-1/2"]
[WhiteElo "2570"]
[BlackElo "2470"]
[PlyCount "92"]
[EventDate "1984.11.15"]
[EventType "tourn"]
[EventRounds "15"]
[EventCountry "URS"]
[EventCategory "9"]
[SourceTitle "MCD"]
[Source "ChessBase"]
[SourceDate "1999.07.01"]
[SourceVersion "1"]
[SourceVersionDate "1999.07.01"]
[SourceQuality "1"]

1. d4 Nf6 2. c4 d6 3. Nc3 Nbd7 4. e4 e5 5. Nf3 Be7 6. Be2 0-0 7. 0-0 c6 8. Re1 a6 9. Rb1 Re8 10. Bf1 Qc7 11. b4 exd4 12. Nxd4 Bf8 13. Bf4 g6 14. h3 Ne5 15. Rc1 Bg7 16. a3 Qe7 17. Bg5 h6 18. Bh4 g5 19. Bg3 Be6 20. Rc2 Rad8 21. Rd2 Bc8 22. Re3 Qc7 23. Nf5 Bxf5 24. exf5 Rd7 25. Kh1 b5 26. cxb5 axb5 27. a4 bxa4 28. b5 Red8 29. Qxa4 cxb5 30. Nxb5 Qb6 31. Qd1 Qc5 32. Rc2 Qd5 33. Rd2 Qc5 34. Rc2 Qd5 35. Qe2 Nc6 36. Rc1 Nd4 37. Nxd4 Qxd4 38. Rd1 Qc5 39. Qf3 d5 40. Rc3 Qe7 41. Re3 Ne4 42. Bb5 Ra7 43. Bc6 Nxg3+ 44. fxg3 Qf6 45. Bxd5 Rad7 46. Red3 Bf8 1/2-1/2

[Event "URS-ch52 First League"]
[Site "Tashkent"]
[Date "1984.11.??"]
[Round "?"]
[White "Aseev, Konstantin N"]
[Black "Agzamov, Georgy"]
[Result "1/2-1/2"]
[WhiteElo "2390"]
[BlackElo "2570"]
[PlyCount "45"]
[EventDate "1984.11.15"]
[EventType "tourn"]
[EventRounds "15"]
[EventCountry "URS"]
[EventCategory "9"]
[SourceTitle "MCD"]
[Source "ChessBase"]
[SourceDate "1999.07.01"]
[SourceVersion "1"]
[SourceVersionDate "1999.07.01"]
[SourceQuality "1"]

1. e4 e5 2. Nf3 Nc6 3. Bb5 a6 4. Ba4 Nf6 5. 0-0 Nxe4 6. d4 b5 7. Bb3 d5 8. dxe5 Be6 9. c3 Nc5 10. Bc2 Bg4 11. Re1 Be7 12. Nbd2 Qd7 13. Nf1 Rd8 14. Ne3 Bh5 15. Nf5 Ne6 16. a4 b4 17. a5 Na7 18. Nxe7 Qxe7 19. Qd3 Nb5 20. Ba4 c6 21. Bxb5 cxb5 22. Nd4 Bg6 23. Qe3 1/2-1/2